1144 1284 1766 1621 1053 1635 1361 1659 1691 1407 1574 1821 1487 1617 1222 1997 1725 1402 1599 1327 1167 1911 1104 1811 1997 1416 1317 1760 1028 1875 1048 1617 1152 1264 1042 1404 1552 1740 1885 1451 1768 1451 1103 1889 1587 1381 1636 1409 1017 1540 1264 1270 1258 1472 1560 1024 1791 1412 1687 1025 1064 1911 1405 1488 1993 1483 1972 1072 1763 1374 1469 1651 1875 1153 1364 1836 1587 1128 1065 1414 1645 1315 1650 1847 1934 1737 1619 1662 1451 1054 1995 1244 1637 1573 1990 1761 1885 1250 1464 BCNSPRNW ULIB Ver.6.0+V

เปลี่ยนเป็นภาษาไทย

Change to English
 แสดงรายละเอียดบรรณานุกรม
  กลับหน้าหลัก

Brief Record : Get Marc (ISO 2709) : E-mail record : QR code < ปิดหน้าต่าง
LEADER : 00000nam 2200000uu 4500
001    13399114454
003     ULIB
008    110419s||||||||th 000 0 tha d
020    9789741623167(ล.6)
060 04 WI140^bจ527ค ล.6
100 0  จิรัชฌา อุดมชัยสกุล
245 10 คู่มือร้านยา :^bโรคและยาระบบทางเดินอาหาร /^cเรียบเรียงโดย จิรัชฌา อุดมชัยสกุล
246 30 โรคและยาระบบทางเดินอาหาร
250    พิมพ์ครั้งที่ 1
260    กรุงเทพฯ :^bศิษฎิกร,^c2552
300    244 หน้า :^bภาพประกอบ ;^c21 ซม.
650  7 ระบบทางเดินอาหาร^xโรค^xการรักษาด้วยยา
650  7 ยา^vคู่มือ
945    ^p290^l0^i031566
995    ทศพร
999 ^a ใช้งานได้ทุกระบบ
รายการนี้ยังไม่มีแท็ก
คุณยังไม่ได้ล็อกอิน คุณสามารถมีกิจกรรมร่วมกับเว็บไซต์ได้ แต่ต้องล็อกอินก่อน ::
  ล็อกอิน

รายการสื่อสารสนเทศ

ลำดับที่ ประเภท เลขเรียก/บาร์โค้ด สถานที่ สถานะ
- ไม่พบข้อมูล -

รายการใกล้เคียง
    ผู้แต่ง [จิรัชฌา อุดมชัยสกุล]

BibComment


ยังไม่เคยถูกคอมเมนท์

คอมเมนท์ทรัพยากรรายการนี้
  คอมเมนท์: คู่มือร้านยา โรค..


 Copyright 2026. Bcnsprnw @Library